<?xml version="1.0" encoding="UTF-8"?>
<collection xmlns="http://www.loc.gov/MARC21/slim">
 <record>
  <leader>     na                 </leader>
  <controlfield tag="001">INLIS000000000000139</controlfield>
  <controlfield tag="005">20260417123339</controlfield>
  <datafield tag="035" ind1=" " ind2=" ">
   <subfield code="a">0010-0426000138</subfield>
  </datafield>
  <controlfield tag="007">ta</controlfield>
  <controlfield tag="008">260417                e          0 ind  </controlfield>
  <datafield tag="020" ind1=" " ind2=" ">
   <subfield code="a">9786022084020</subfield>
  </datafield>
  <datafield tag="082" ind1=" " ind2=" ">
   <subfield code="a">158.1</subfield>
  </datafield>
  <datafield tag="084" ind1=" " ind2=" ">
   <subfield code="a">158.1 KHO a</subfield>
  </datafield>
  <datafield tag="100" ind1="0" ind2=" ">
   <subfield code="a">Khoirul Trian</subfield>
   <subfield code="e">Pengarang</subfield>
  </datafield>
  <datafield tag="245" ind1="1" ind2=" ">
   <subfield code="a">Ada duka di bawah telapak kaki ibu :</subfield>
   <subfield code="b">Di balik langkah anak kecil yang mengejar mimpinya /</subfield>
   <subfield code="c">Khoirul Trian ; penyuning, Stefani Bella ; ilustrator, Varseliya Reci</subfield>
  </datafield>
  <datafield tag="250" ind1=" " ind2=" ">
   <subfield code="a">cetakan ketiga</subfield>
  </datafield>
  <datafield tag="300" ind1=" " ind2=" ">
   <subfield code="a">200 halaman :</subfield>
   <subfield code="b">ilustrasi ;</subfield>
   <subfield code="c">19 cm</subfield>
  </datafield>
  <datafield tag="700" ind1="0" ind2=" ">
   <subfield code="a">Stefani Bella</subfield>
   <subfield code="e">Penyunting</subfield>
  </datafield>
  <datafield tag="700" ind1="0" ind2=" ">
   <subfield code="a">Varseliya Reci</subfield>
   <subfield code="e">Ilustrator</subfield>
  </datafield>
  <datafield tag="520" ind1=" " ind2=" ">
   <subfield code="a">Bu, aku pulang.&#13;
Membawa kegagalan sebagai buah tangan.&#13;
Tubuhku tidak lagi utuh, tolong tetap diterima, ya, Bu. Sebab itulah sisa-sisa kepingan terakhir diriku yang bisa kuselamatkan.&#13;
&#13;
Rumahku masih bernama Ibu. Atap-atapnya masih usapan pelan di rambutku, yang di sela-selanya selalu terselip harapan untukku. Dan kali ini, aku pulangkan semua mimpimu atas hidupku, ya, Bu.&#13;
&#13;
Maaf, sebab aku tidak tumbuh sebaik itu.&#13;
&#13;
Belum sempat aku memberikan bahagia, tapi malah justru menambah lara. Maaf sudah menyiksamu dengan rindu, dan kepulanganku jadi hari yang selalu Ibu tunggu. Maaf langkahku terlalu jauh, sampai lupa Ibu sendiri bisa runtuh.&#13;
&#13;
Dan ternyata di balik langkah anak kecil yang sedang mengejar mimpinya itu, akan selalu Ada Duka di Bawah Telapak Kaki Ibu.&#13;
&#13;
Keunggulan:&#13;
- Sangat emosional dan relatable.&#13;
- Penggunaan gaya bahasa yang sederhana, penuh makna, dan banyak kalimat pendek yang sifatnya quoteable.&#13;
- Mengangkat konsep narasi ganda—dari anak dan untuk anak; membuat pembaca tidak hanya merasa disuarakan perasaannya, tetap juga merasa didengar, dan dikuatkan.&#13;
- Mengangkat isu struggle anak rantau yang harus jauh dari ibunya, mereka yang kehilangan orang tua dan orang yang tumbuh dari keluarga yang tidak ideal.&#13;
- Disajikan dengan narasi dan prosa pendek dengan bahasa sederhana yang mudah dipahami dan dapat mewakili perasaan pembaca.&#13;
- Relatable buatmu, terutama untuk seorang anak yang harus merantau mengejar mimpinya sedangkan di sisi lain merasa khawatir ibu di rumah kian menua.&#13;
- Terdapat 50 ilustrasi di 5 Bab + Halaman Aktivitas yang melibatkan interaksi pembaca.&#13;
- Trilogi dari Buku Mega Best Seller AYAH, INI ARAHNYA KE MANA, YA? Dan Buku ANAK KECIL YANG KEHILANGAN PUNDAKNYA.&#13;
&#13;
Tentang Penulis:&#13;
Khoirul Trian, kecintaannya menulis, membaca, mendengar, dan melihat sekitar melahirkan banyak kata-kata yang dekat dengan pembacanya. Semua berawal dari tulisan di balik notes-notes handphone, tulisan-tulisan di halaman belakang buku pelajaran, yang saat ini menjadikan Trian seorang penulis beneran.&#13;
&#13;
Penulis yang lahir dari kanal YouTube ini sekarang sudah berhasil menerbitkan 6 buku di Gradien Mediatama: Ayah Ini Arahnya ke Mana, ya?, Anak Kecil yang Kehilangan Pundaknya, Dari Aku yang Hampir Menyerah, Jujur Ini Berat, When You Feel Useless, dan satu buku kolaborasi Kita Terlalu Lucu untuk Diseriusin. 4 bukunya juga terbit di Malaysia dan diterjemahkan ke Bahasa Melayu: : Ayah Ini Arahnya ke Mana, ya?, Anak Kecil yang Kehilangan Pundaknya, Dari Aku yang Hampir Menyerah, dan When You Feel Useless. Orang-orang mengenalnya di YouTube sebagai “Catatan Khoirul Triann”&#13;
Bisa dijumpai di media sosialnya:&#13;
IG @khoirultriann&#13;
TikTok @khoirultrian</subfield>
  </datafield>
  <datafield tag="600" ind1=" " ind2="4">
   <subfield code="a">Aktualisasi diri</subfield>
  </datafield>
  <datafield tag="600" ind1=" " ind2="4">
   <subfield code="a">Pengembangan Diri</subfield>
  </datafield>
  <datafield tag="600" ind1=" " ind2="4">
   <subfield code="a">Pertumbuhan Pribadi</subfield>
  </datafield>
  <datafield tag="264" ind1=" " ind2=" ">
   <subfield code="a">Yogyakarta :</subfield>
   <subfield code="b">Gradien Mediatama,</subfield>
   <subfield code="c">2025</subfield>
  </datafield>
  <datafield tag="336" ind1=" " ind2=" ">
   <subfield code="2">rdacontent</subfield>
   <subfield code="a">teks</subfield>
  </datafield>
  <datafield tag="337" ind1=" " ind2=" ">
   <subfield code="2">rdamedia</subfield>
   <subfield code="a">tanpa perantara</subfield>
  </datafield>
  <datafield tag="338" ind1=" " ind2=" ">
   <subfield code="2">rdacarrier</subfield>
   <subfield code="a">volume</subfield>
  </datafield>
  <datafield tag="990" ind1=" " ind2=" ">
   <subfield code="a">SP000212/25</subfield>
  </datafield>
  <datafield tag="990" ind1=" " ind2=" ">
   <subfield code="a">PC000257/25</subfield>
  </datafield>
  <datafield tag="990" ind1=" " ind2=" ">
   <subfield code="a">AT000300/25</subfield>
  </datafield>
  <datafield tag="990" ind1=" " ind2=" ">
   <subfield code="a">PT000385/25</subfield>
  </datafield>
  <datafield tag="990" ind1=" " ind2=" ">
   <subfield code="a">RC000688/25</subfield>
  </datafield>
  <datafield tag="990" ind1=" " ind2=" ">
   <subfield code="a">KC000766/25</subfield>
  </datafield>
  <datafield tag="990" ind1=" " ind2=" ">
   <subfield code="a">PP000896/25</subfield>
  </datafield>
  <datafield tag="990" ind1=" " ind2=" ">
   <subfield code="a">RC001311/25</subfield>
  </datafield>
  <datafield tag="990" ind1=" " ind2=" ">
   <subfield code="a">NM001350/25</subfield>
  </datafield>
  <datafield tag="990" ind1=" " ind2=" ">
   <subfield code="a">TT001569/25</subfield>
  </datafield>
  <datafield tag="990" ind1=" " ind2=" ">
   <subfield code="a">AP003710/25</subfield>
  </datafield>
 </record>
</collection>
